<?xml version="1.0" encoding="UTF-8"?>
<collection xmlns="http://www.loc.gov/MARC21/slim">
 <record>
  <leader>00969nam a2200253 a 4500</leader>
  <controlfield tag="001">1/24690</controlfield>
  <controlfield tag="007">vf cbuhou</controlfield>
  <controlfield tag="008">050217s2000    gw a          00000 eng  </controlfield>
  <datafield tag="020" ind1=" " ind2=" ">
   <subfield code="a">3540926445</subfield>
  </datafield>
  <datafield tag="035" ind1=" " ind2=" ">
   <subfield code="l">26458</subfield>
  </datafield>
  <datafield tag="040" ind1=" " ind2=" ">
   <subfield code="a">GR-PeUP</subfield>
  </datafield>
  <datafield tag="082" ind1="0" ind2="0">
   <subfield code="a">VHS 510.285 XAM</subfield>
  </datafield>
  <datafield tag="100" ind1="1" ind2=" ">
   <subfield code="a">Xambó-Descamps, S.;</subfield>
   <subfield code="d">1945-</subfield>
  </datafield>
  <datafield tag="245" ind1="1" ind2="0">
   <subfield code="a">Video and multimedia at 3ecm :</subfield>
   <subfield code="b">Barcelona, July 10-14th, 2000 /</subfield>
   <subfield code="c">Sebastia Xambo-Descamps and Santiago Zarzuela</subfield>
  </datafield>
  <datafield tag="260" ind1=" " ind2=" ">
   <subfield code="a">Berlin:</subfield>
   <subfield code="b">Springer,</subfield>
   <subfield code="c">2000</subfield>
  </datafield>
  <datafield tag="300" ind1=" " ind2=" ">
   <subfield code="a">1 βιντεοκασέτα (90 λεπτ.) :</subfield>
   <subfield code="b">έγχρ. ;</subfield>
   <subfield code="c">1/2 in.</subfield>
  </datafield>
  <datafield tag="490" ind1="1" ind2=" ">
   <subfield code="a">Springer VideoMATH ;</subfield>
  </datafield>
  <datafield tag="650" ind1=" " ind2="4">
   <subfield code="a">Mathematics</subfield>
   <subfield code="x">Graphic methods.</subfield>
  </datafield>
  <datafield tag="650" ind1=" " ind2="4">
   <subfield code="a">Visualization (Computer science)</subfield>
  </datafield>
  <datafield tag="700" ind1="1" ind2=" ">
   <subfield code="a">Zarzuela, Santiago.</subfield>
  </datafield>
  <datafield tag="711" ind1="2" ind2=" ">
   <subfield code="a">European Congress of Mathematics</subfield>
   <subfield code="n">(3rd :</subfield>
   <subfield code="d">2000 :</subfield>
   <subfield code="c">Barcelona, Spain)</subfield>
  </datafield>
  <datafield tag="830" ind1=" " ind2=" ">
   <subfield code="a">Springer VideoMATH.</subfield>
  </datafield>
  <datafield tag="852" ind1=" " ind2=" ">
   <subfield code="a">INST</subfield>
   <subfield code="b">UNIPILB</subfield>
   <subfield code="c">MMEDIA</subfield>
   <subfield code="e">20050217</subfield>
   <subfield code="h">VHS 510.285 XAM</subfield>
   <subfield code="p">00146583</subfield>
   <subfield code="q">00146583</subfield>
   <subfield code="t">NOLOAN</subfield>
   <subfield code="y">23</subfield>
   <subfield code="4">1</subfield>
  </datafield>
  <datafield tag="856" ind1="4" ind2=" ">
   <subfield code="d">/webopac/covers/02/26458_3540926445.jpg</subfield>
  </datafield>
 </record>
</collection>
